[Event "World Chess Olympiad 2018"]
[Site "Batumi"]
[Date "2018.10.01"]
[Round "7"]
[Board "4"]
[WhiteFideId "10300015"]
[White "Alothman Abdul Wahab"]
[BlackFideId "10001670"]
[Black "Hassuji Nurdin"]
[Result "1-0"]
[LiveChessVersion "1.4.8"]
[BlackElo "1766"]
[WhiteElo "1911"]

1. d4 {[%clk 1:30:50]} Nf6 {[%clk 1:30:47]} 2. Nf3 {[%clk 1:31:14]} g6
{[%clk 1:31:09]} 3. c4 {[%clk 1:31:33]} Bg7 {[%clk 1:31:22]} 4. Nc3
{[%clk 1:31:53]} d5 {[%clk 1:31:37]} 5. cxd5 {[%clk 1:32:07]} Nxd5
{[%clk 1:32:01]} 6. e4 {[%clk 1:32:26]} Nxc3 {[%clk 1:32:13]} 7. bxc3
{[%clk 1:32:49]} c5 {[%clk 1:32:16]} 8. Rb1 {[%clk 1:31:37]} Qa5 {[%clk 1:30:31]}
9. Qd2 {[%clk 1:30:14]} a6 {[%clk 1:23:35]} 10. Bc4 {[%clk 1:23:41]} Nc6
{[%clk 1:22:54]} 11. e5 {[%clk 1:17:35]} O-O {[%clk 1:14:10]} 12. O-O
{[%clk 1:17:07]} Rd8 {[%clk 1:12:12]} 13. Qf4 {[%clk 1:06:30]} e6
{[%clk 0:59:09]} 14. Ng5 {[%clk 0:57:15]} Qc7 {[%clk 0:55:40]} 15. Qh4
{[%clk 0:43:30]} h5 {[%clk 0:54:15]} 16. Nf3 {[%clk 0:39:02]} b5 {[%clk 0:50:04]}
17. Bb3 {[%clk 0:33:01]} Ne7 {[%clk 0:36:48]} 18. Bg5 {[%clk 0:29:38]} Rd7
{[%clk 0:36:23]} 19. Bxe7 {[%clk 0:25:51]} Rxe7 {[%clk 0:36:34]} 20. Bc2
{[%clk 0:16:32]} Bb7 {[%clk 0:35:18]} 21. Be4 {[%clk 0:15:15]} Bxe4
{[%clk 0:31:53]} 22. Qxe4 {[%clk 0:15:39]} Rd8 {[%clk 0:31:06]} 23. Qe3
{[%clk 0:12:29]} Red7 {[%clk 0:30:09]} 24. h3 {[%clk 0:10:38]} cxd4
{[%clk 0:28:55]} 25. cxd4 {[%clk 0:10:56]} Qb6 {[%clk 0:24:16]} 26. Rfc1
{[%clk 0:10:04]} Kh7 {[%clk 0:23:48]} 27. Qe4 {[%clk 0:08:36]} Rc7
{[%clk 0:21:09]} 28. Qh4 {[%clk 0:07:54]} Rdc8 {[%clk 0:20:21]} 29. Rd1
{[%clk 0:07:37]} Rc2 {[%clk 0:19:09]} 30. Rd2 {[%clk 0:04:04]} Rxd2
{[%clk 0:15:45]} 31. Nxd2 {[%clk 0:04:29]} Rc2 {[%clk 0:15:14]} 32. Ne4
{[%clk 0:04:25]} Qc7 {[%clk 0:11:22]} 33. Qf4 {[%clk 0:03:09]} Kg8
{[%clk 0:06:58]} 34. Rb3 {[%clk 0:03:03]} Rc1+ {[%clk 0:05:51]} 35. Kh2
{[%clk 0:03:27]} Rc2 {[%clk 0:06:09]} 36. a3 {[%clk 0:03:41]} Rc1
{[%clk 0:04:50]} 37. Nd6 {[%clk 0:03:40]} Rc2 {[%clk 0:04:26]} 38. Rf3
{[%clk 0:03:46]} Kh7 {[%clk 0:01:14]} 39. Nxf7 {[%clk 0:04:01]} Rc3
{[%clk 0:00:42]} 40. Ng5+ {[%clk 0:34:12]} Kg8 {[%clk 0:30:33]} 41. Rxc3
{[%clk 0:34:25]} Qxc3 {[%clk 0:30:38]} 42. Qf7+ {[%clk 0:34:47]} 1-0

[Event "World Chess Olympiad 2018"]
[Site "Batumi"]
[Date "2018.10.01"]
[Round "7"]
[Board "1"]
[WhiteFideId "405817"]
[White "Greet Andrew N"]
[BlackFideId "14306352"]
[Black "Lima Osvaldo Dos Santos"]
[Result "1-0"]
[LiveChessVersion "1.4.8"]
[BlackElo "1803"]
[WhiteElo "2441"]

1. e4 {[%clk 1:31:23]} e6 {[%clk 1:30:36]} 2. d4 {[%clk 1:31:44]} d5
{[%clk 1:30:40]} 3. Nc3 {[%clk 1:32:04]} Nf6 {[%clk 1:28:42]} 4. e5
{[%clk 1:32:22]} Nfd7 {[%clk 1:28:32]} 5. f4 {[%clk 1:32:44]} c5 {[%clk 1:27:09]}
6. Nf3 {[%clk 1:33:07]} Nc6 {[%clk 1:26:36]} 7. Be3 {[%clk 1:33:24]} cxd4
{[%clk 1:25:46]} 8. Nxd4 {[%clk 1:33:47]} Be7 {[%clk 1:25:24]} 9. Qd2
{[%clk 1:32:51]} Nxd4 {[%clk 1:24:24]} 10. Bxd4 {[%clk 1:33:07]} a6
{[%clk 1:22:55]} 11. O-O-O {[%clk 1:29:47]} b5 {[%clk 1:23:03]} 12. Kb1
{[%clk 1:26:14]} Bb7 {[%clk 1:23:19]} 13. Bd3 {[%clk 1:23:51]} Qc7
{[%clk 1:23:08]} 14. Qe3 {[%clk 1:21:50]} Bc5 {[%clk 1:22:51]} 15. Ne2
{[%clk 1:19:48]} O-O-O {[%clk 1:18:54]} 16. h4 {[%clk 1:19:00]} Kb8
{[%clk 1:12:28]} 17. h5 {[%clk 1:18:37]} Rc8 {[%clk 1:11:46]} 18. Rh3
{[%clk 1:18:05]} Bxd4 {[%clk 1:10:13]} 19. Qxd4 {[%clk 1:16:21]} Qc5
{[%clk 1:09:55]} 20. Rg3 {[%clk 1:15:16]} Qxd4 {[%clk 1:09:23]} 21. Nxd4
{[%clk 1:15:39]} g6 {[%clk 1:09:32]} 22. Rh1 {[%clk 1:15:21]} Nc5
{[%clk 1:09:14]} 23. hxg6 {[%clk 1:12:50]} hxg6 {[%clk 1:08:53]} 24. Rgh3
{[%clk 1:13:09]} Rxh3 {[%clk 1:08:07]} 25. Rxh3 {[%clk 1:13:34]} Rf8
{[%clk 0:49:49]} 26. b4 {[%clk 1:10:37]} Na4 {[%clk 0:47:05]} 27. a3
{[%clk 1:10:18]} Kc7 {[%clk 0:39:36]} 28. Bxg6 {[%clk 1:05:19]} Rg8
{[%clk 0:34:20]} 29. Bxf7 {[%clk 1:05:07]} Rxg2 {[%clk 0:30:12]} 30. Bxe6
{[%clk 1:05:10]} Rd2 {[%clk 0:27:00]} 31. Rd3 {[%clk 1:04:59]} Rf2
{[%clk 0:25:49]} 32. f5 {[%clk 1:05:02]} Nb6 {[%clk 0:23:58]} 33. Rf3
{[%clk 1:00:15]} Rh2 {[%clk 0:23:24]} 34. f6 {[%clk 1:00:20]} Rh8
{[%clk 0:23:04]} 35. f7 {[%clk 1:00:29]} Rf8 {[%clk 0:22:17]} 36. Bg4
{[%clk 1:00:42]} Nc4 {[%clk 0:18:35]} 37. Ne6+ {[%clk 1:01:04]} Kb8
{[%clk 0:19:00]} 38. Nxf8 {[%clk 1:01:28]} 1-0

[Event "World Chess Olympiad 2018"]
[Site "Batumi"]
[Date "2018.10.01"]
[Round "7"]
[Board "3"]
[WhiteFideId "2403757"]
[White "Abdulla Murad"]
[BlackFideId "16900049"]
[Black "Espirito Santo Waldyr"]
[Result "1-0"]
[LiveChessVersion "1.4.8"]
[BlackElo "1903"]
[WhiteElo "2292"]

1. e4 {[%clk 1:30:57]} e5 {[%clk 1:30:38]} 2. Nf3 {[%clk 1:31:23]} Nc6
{[%clk 1:31:02]} 3. Bc4 {[%clk 1:31:48]} Be7 {[%clk 1:31:09]} 4. d4
{[%clk 1:32:06]} exd4 {[%clk 1:31:24]} 5. c3 {[%clk 1:32:18]} Nf6
{[%clk 1:31:16]} 6. e5 {[%clk 1:32:29]} Ne4 {[%clk 1:30:35]} 7. Bd5
{[%clk 1:27:11]} Nc5 {[%clk 1:25:22]} 8. cxd4 {[%clk 1:25:47]} Ne6
{[%clk 1:22:21]} 9. Bb3 {[%clk 1:23:27]} Na5 {[%clk 1:16:04]} 10. Bc2
{[%clk 1:23:10]} c6 {[%clk 1:12:37]} 11. Nc3 {[%clk 1:18:10]} d5 {[%clk 1:01:02]}
12. b3 {[%clk 1:17:37]} b6 {[%clk 0:59:26]} 13. Qd3 {[%clk 1:15:07]} Nb7
{[%clk 0:54:20]} 14. O-O {[%clk 1:13:55]} Qd7 {[%clk 0:53:41]} 15. a3
{[%clk 1:09:36]} Nbd8 {[%clk 0:53:17]} 16. Be3 {[%clk 1:07:41]} a5
{[%clk 0:50:30]} 17. Rfc1 {[%clk 1:07:44]} Ba6 {[%clk 0:50:14]} 18. Qd2
{[%clk 1:05:30]} Rc8 {[%clk 0:48:09]} 19. Bf5 {[%clk 1:01:54]} h6
{[%clk 0:46:04]} 20. Ne1 {[%clk 1:00:46]} g6 {[%clk 0:44:28]} 21. Bh3
{[%clk 0:56:52]} Bf8 {[%clk 0:41:49]} 22. f4 {[%clk 0:56:33]} Qe7
{[%clk 0:39:36]} 23. f5 {[%clk 0:51:30]} Ng5 {[%clk 0:39:24]} 24. Bg4
{[%clk 0:50:42]} gxf5 {[%clk 0:37:18]} 25. Bxf5 {[%clk 0:51:02]} Nde6
{[%clk 0:37:25]} 26. h4 {[%clk 0:51:04]} Nh7 {[%clk 0:32:47]} 27. Qc2
{[%clk 0:45:08]} f6 {[%clk 0:27:30]} 28. Nf3 {[%clk 0:45:26]} fxe5
{[%clk 0:25:32]} 29. Nxe5 {[%clk 0:45:34]} Rg8 {[%clk 0:21:20]} 30. Bxh7
{[%clk 0:44:35]} Nxd4 {[%clk 0:18:06]} 31. Bxd4 {[%clk 0:44:32]} Qxh4
{[%clk 0:18:17]} 32. Nf3 {[%clk 0:44:05]} Qg3 {[%clk 0:15:09]} 33. Bxg8
{[%clk 0:43:51]} Bd6 {[%clk 0:14:46]} 34. Be6 {[%clk 0:38:46]} Rc7
{[%clk 0:12:53]} 35. Re1 {[%clk 0:39:08]} Re7 {[%clk 0:01:15]} 36. Ne2
{[%clk 0:38:36]} Bxe2 {[%clk 0:00:40]} 37. Qxc6+ {[%clk 0:38:47]} Kf8
{[%clk 0:00:39]} 38. Rxe2 {[%clk 0:39:07]} 1-0

[Event "World Chess Olympiad 2018"]
[Site "Batumi"]
[Date "2018.10.01"]
[Round "7"]
[Board "1"]
[WhiteFideId "21500150"]
[White "Al Ghamdi Ahmed M"]
[BlackFideId "19800029"]
[Black "Traore Bakary"]
[Result "0-1"]
[LiveChessVersion "1.4.8"]
[BlackElo "2169"]
[WhiteElo "2126"]

1. e4 {[%clk 1:30:51]} e5 {[%clk 1:30:48]} 2. Nf3 {[%clk 1:31:11]} Nf6
{[%clk 1:31:11]} 3. Nc3 {[%clk 1:29:53]} Nc6 {[%clk 1:27:50]} 4. Bb5
{[%clk 1:28:58]} Nd4 {[%clk 1:27:49]} 5. Bc4 {[%clk 1:28:30]} Nxf3+
{[%clk 1:24:45]} 6. Qxf3 {[%clk 1:28:17]} d6 {[%clk 1:24:58]} 7. d3
{[%clk 1:25:04]} Be7 {[%clk 1:24:52]} 8. h3 {[%clk 1:23:23]} O-O {[%clk 1:24:37]}
9. Bg5 {[%clk 1:22:37]} c6 {[%clk 1:24:05]} 10. a4 {[%clk 1:19:42]} Be6
{[%clk 1:23:20]} 11. O-O {[%clk 1:19:54]} Qd7 {[%clk 1:19:40]} 12. Bxf6
{[%clk 1:15:27]} Bxf6 {[%clk 1:19:47]} 13. Rfe1 {[%clk 1:14:51]} Rad8
{[%clk 1:16:44]} 14. Rad1 {[%clk 1:13:01]} d5 {[%clk 1:16:43]} 15. Bb3
{[%clk 1:13:12]} d4 {[%clk 1:13:32]} 16. Nb1 {[%clk 1:10:08]} Bxb3
{[%clk 1:13:19]} 17. cxb3 {[%clk 1:10:28]} Qe6 {[%clk 1:11:44]} 18. Nd2
{[%clk 1:09:59]} Be7 {[%clk 1:11:52]} 19. Qf5 {[%clk 1:09:34]} Qxf5
{[%clk 1:06:51]} 20. exf5 {[%clk 1:09:53]} Rd5 {[%clk 1:06:27]} 21. Ne4
{[%clk 1:02:16]} Bb4 {[%clk 1:04:32]} 22. Re2 {[%clk 1:02:32]} f6
{[%clk 1:04:30]} 23. Rc2 {[%clk 1:01:41]} g6 {[%clk 1:04:01]} 24. g4
{[%clk 1:01:22]} gxf5 {[%clk 1:03:25]} 25. gxf5 {[%clk 1:01:37]} Kf7
{[%clk 1:03:49]} 26. Rc4 {[%clk 1:00:38]} Rg8+ {[%clk 1:00:59]} 27. Kf1
{[%clk 1:00:13]} a5 {[%clk 1:01:08]} 28. Ke2 {[%clk 0:59:54]} Rg2
{[%clk 0:58:00]} 29. Kf3 {[%clk 1:00:04]} Rg8 {[%clk 0:58:10]} 30. Rcc1
{[%clk 0:59:37]} Rdd8 {[%clk 0:54:39]} 31. Rg1 {[%clk 0:58:39]} Rxg1
{[%clk 0:53:39]} 32. Rxg1 {[%clk 0:58:58]} Ra8 {[%clk 0:54:04]} 33. h4
{[%clk 0:58:48]} Ra6 {[%clk 0:53:37]} 34. Rc1 {[%clk 0:57:08]} Rb6
{[%clk 0:51:59]} 35. Ra1 {[%clk 0:50:33]} Bf8 {[%clk 0:50:16]} 36. Nd2
{[%clk 0:50:50]} Bh6 {[%clk 0:48:54]} 37. Nc4 {[%clk 0:51:12]} Rxb3
{[%clk 0:48:41]} 38. Ke4 {[%clk 0:51:00]} Bf8 {[%clk 0:47:21]} 39. f4
{[%clk 0:50:01]} exf4 {[%clk 0:46:04]} 40. Kxd4 {[%clk 1:20:16]} Rb4
{[%clk 1:16:03]} 41. Kc3 {[%clk 1:20:00]} f3 {[%clk 1:15:49]} 42. Rf1
{[%clk 1:18:42]} Rxa4 {[%clk 1:14:59]} 43. b3 {[%clk 1:18:02]} Rb4
{[%clk 1:15:09]} 44. Rxf3 {[%clk 1:18:18]} a4 {[%clk 1:13:50]} 45. bxa4
{[%clk 1:18:03]} Rxa4 {[%clk 1:13:58]} 46. Rh3 {[%clk 1:14:50]} b5
{[%clk 1:12:19]} 47. Ne3 {[%clk 1:14:19]} Bb4+ {[%clk 1:10:46]} 48. Kb3
{[%clk 1:14:16]} Bc5 {[%clk 1:10:50]} 49. Nc2 {[%clk 1:14:16]} Rf4
{[%clk 1:10:29]} 50. Kb2 {[%clk 1:12:11]} Rxf5 {[%clk 1:09:21]} 51. d4
{[%clk 1:12:32]} Be7 {[%clk 1:08:09]} 52. Rc3 {[%clk 1:12:46]} c5
{[%clk 1:08:15]} 53. dxc5 {[%clk 1:13:08]} Rxc5 {[%clk 1:07:13]} 54. Rb3
{[%clk 1:12:59]} Rh5 {[%clk 1:07:18]} 55. Nd4 {[%clk 1:13:06]} b4
{[%clk 1:05:31]} 56. Nf3 {[%clk 1:13:26]} Rf5 {[%clk 1:04:50]} 57. Kc2
{[%clk 1:13:47]} Ra5 {[%clk 1:03:41]} 58. Rb1 {[%clk 1:13:16]} Ra3
{[%clk 1:00:07]} 59. Rf1 {[%clk 1:13:43]} Rc3+ {[%clk 0:58:04]} 60. Kb2
{[%clk 1:13:48]} Re3 {[%clk 0:53:22]} 61. h5 {[%clk 1:11:08]} Bd6
{[%clk 0:51:52]} 62. Kc2 {[%clk 1:10:27]} b3+ {[%clk 0:50:10]} 63. Kb2
{[%clk 1:09:14]} Be5+ {[%clk 0:43:27]} 64. Ka3 {[%clk 1:08:36]} Ke6
{[%clk 0:43:09]} 65. Nh4 {[%clk 1:07:42]} b2+ {[%clk 0:41:03]} 66. Ka2
{[%clk 1:08:03]} Re4 {[%clk 0:41:17]} 0-1

[Event "World Chess Olympiad 2018"]
[Site "Batumi"]
[Date "2018.10.01"]
[Round "7"]
[Board "2"]
[WhiteFideId "19800193"]
[White "Ndiaye Amadou"]
[BlackFideId "21501564"]
[Black "Masrahi Abdulrahman A"]
[Result "0-1"]
[LiveChessVersion "1.4.8"]
[BlackElo "1879"]
[WhiteElo "2061"]

1. e4 e5 {[%clk 1:30:46]} 2. Nf3 {[%clk 1:30:29]} Nc6 {[%clk 1:30:57]} 3. d4
{[%clk 1:31:15]} exd4 {[%clk 1:30:09]} 4. Bc4 {[%clk 1:31:38]} Bc5
{[%clk 1:29:21]} 5. O-O d6 6. c3 {[%clk 1:18:04]} Bg4 {[%clk 1:28:39]} 7. b4
{[%clk 1:18:05]} Bb6 {[%clk 1:26:47]} 8. Qb3 {[%clk 1:15:34]} Bxf3
{[%clk 1:25:44]} 9. Bxf7+ {[%clk 1:15:40]} Kf8 {[%clk 1:25:49]} 10. Bxg8
{[%clk 1:15:37]} Rxg8 {[%clk 1:25:37]} 11. gxf3 {[%clk 1:15:49]} g5
{[%clk 1:22:02]} 12. Kh1 Qf6 {[%clk 1:21:03]} 13. Qd1 {[%clk 1:12:28]} dxc3
{[%clk 1:12:51]} 14. f4 {[%clk 1:12:26]} gxf4 {[%clk 1:06:30]} 15. Qf3
{[%clk 1:12:49]} Nd4 {[%clk 0:58:18]} 16. Qxf4 {[%clk 1:12:04]} Qxf4
{[%clk 0:58:26]} 17. Bxf4 {[%clk 1:12:31]} Nc2 {[%clk 0:54:26]} 18. Nxc3
{[%clk 1:12:44]} Nxa1 {[%clk 0:54:47]} 19. Rxa1 {[%clk 1:13:10]} Bd4
{[%clk 0:51:34]} 20. Bd2 {[%clk 1:12:54]} Re8 {[%clk 0:46:09]} 21. Re1
{[%clk 1:11:45]} c6 {[%clk 0:42:34]} 22. Ne2 {[%clk 1:10:28]} Rxe4
{[%clk 0:35:58]} 23. f3 {[%clk 1:10:16]} Rh4 {[%clk 0:36:18]} 24. Rd1
{[%clk 1:06:53]} Be5 {[%clk 0:32:08]} 25. f4 {[%clk 1:07:18]} Bf6
{[%clk 0:32:31]} 26. Be1 {[%clk 1:07:26]} Rh3 {[%clk 0:31:14]} 27. Ng3
{[%clk 1:03:40]} d5 {[%clk 0:28:51]} 28. Kg2 {[%clk 1:01:25]} Rh4
{[%clk 0:27:26]} 29. Bd2 {[%clk 1:01:04]} Rhg4 {[%clk 0:26:45]} 30. Kf3
{[%clk 1:00:32]} R4g7 {[%clk 0:24:24]} 31. f5 {[%clk 0:55:56]} Re7
{[%clk 0:21:27]} 32. b5 {[%clk 0:53:47]} Kf7 {[%clk 0:20:56]} 33. bxc6
{[%clk 0:53:00]} bxc6 {[%clk 0:21:17]} 34. Rc1 {[%clk 0:52:59]} Rc8
{[%clk 0:21:05]} 35. Bb4 {[%clk 0:52:18]} Rb7 {[%clk 0:20:37]} 36. Bc5
{[%clk 0:50:12]} Rb2 {[%clk 0:20:01]} 37. a3 {[%clk 0:48:46]} Rxh2
{[%clk 0:19:30]} 38. Bxa7 {[%clk 0:48:45]} Ra2 {[%clk 0:17:15]} 39. Bc5
{[%clk 0:48:44]} Be7 {[%clk 0:17:19]} 40. Bxe7 {[%clk 0:47:22]} Kxe7
{[%clk 0:17:42]} 41. Re1+ {[%clk 1:17:50]} Kf7 {[%clk 0:46:56]} 42. Rh1
{[%clk 1:16:54]} Rxa3+ {[%clk 0:46:55]} 43. Kf4 {[%clk 1:17:21]} Rxg3
{[%clk 0:46:19]} 44. Kxg3 {[%clk 1:17:08]} Kg7 {[%clk 0:45:04]} 45. Kf4
{[%clk 1:17:25]} Re8 {[%clk 0:45:15]} 46. Kg5 {[%clk 1:12:59]} Re5
{[%clk 0:42:00]} 47. Ra1 {[%clk 1:08:44]} h6+ {[%clk 0:42:05]} 48. Kf4
{[%clk 1:09:03]} Re4+ {[%clk 0:42:28]} 49. Kf3 {[%clk 1:09:29]} Kf6
{[%clk 0:42:53]} 50. Rh1 {[%clk 1:09:43]} Kxf5 {[%clk 0:42:14]} 51. Rxh6
{[%clk 1:10:10]} Re6 {[%clk 0:42:32]} 52. Rh5+ {[%clk 1:10:17]} Kf6
{[%clk 0:42:54]} 53. Rh7 {[%clk 1:10:39]} Ke5 {[%clk 0:41:56]} 54. Ke3
{[%clk 1:11:03]} Kd6+ {[%clk 0:42:18]} 55. Kd3 {[%clk 1:11:10]} Rg6
{[%clk 0:42:38]} 56. Rh4 {[%clk 1:09:47]} Rg3+ {[%clk 0:42:54]} 57. Kd2
{[%clk 1:09:55]} Kc5 {[%clk 0:42:46]} 58. Rh5 {[%clk 1:09:46]} Kc4
{[%clk 0:43:04]} 59. Rh2 {[%clk 1:09:30]} d4 {[%clk 0:42:47]} 60. Kc2
{[%clk 1:09:45]} c5 {[%clk 0:43:05]} 61. Rf2 {[%clk 1:09:56]} Rh3
{[%clk 0:41:18]} 62. Rg2 {[%clk 1:07:55]} Kb4 {[%clk 0:40:04]} 63. Rg8
{[%clk 1:06:59]} Kc4 {[%clk 0:23:21]} 64. Rg2 {[%clk 1:06:53]} Ra3
{[%clk 0:23:16]} 65. Kb2 {[%clk 1:06:51]} Rb3+ {[%clk 0:23:32]} 66. Kc2
{[%clk 1:07:15]} d3+ {[%clk 0:23:44]} 67. Kc1 {[%clk 1:07:34]} Kc3
{[%clk 0:24:05]} 68. Rh2 {[%clk 1:05:16]} d2+ {[%clk 0:23:17]} 69. Rxd2
{[%clk 1:04:36]} Rb1+ {[%clk 0:23:39]} 70. Kxb1 {[%clk 1:05:04]} Kxd2
{[%clk 0:24:02]} 71. Kb2 {[%clk 1:05:33]} c4 {[%clk 0:24:18]} 0-1

[Event "World Chess Olympiad 2018"]
[Site "Batumi"]
[Date "2018.10.01"]
[Round "7"]
[Board "3"]
[WhiteFideId "21502390"]
[White "Al Thebaiti Ahmed M"]
[BlackFideId "19800061"]
[Black "Toure Amadou"]
[Result "1-0"]
[LiveChessVersion "1.4.8"]
[BlackElo "1859"]
[WhiteElo "1988"]

1. d4 {[%clk 1:30:57]} d5 {[%clk 1:30:50]} 2. Bf4 {[%clk 1:31:18]} Nc6
{[%clk 1:30:17]} 3. e3 {[%clk 1:30:21]} Nf6 {[%clk 1:30:13]} 4. c4
{[%clk 1:26:26]} e6 {[%clk 1:30:19]} 5. Nc3 {[%clk 1:26:09]} Be7 {[%clk 1:29:03]}
6. h3 {[%clk 1:26:10]} O-O {[%clk 1:28:59]} 7. Nf3 {[%clk 1:25:00]} a6
{[%clk 1:27:46]} 8. Bd3 {[%clk 1:22:00]} h6 {[%clk 1:26:08]} 9. O-O
{[%clk 1:22:16]} Re8 {[%clk 1:25:29]} 10. Rc1 {[%clk 1:20:56]} Nh7
{[%clk 1:23:49]} 11. a3 {[%clk 1:11:06]} Nf8 {[%clk 1:21:37]} 12. b4
{[%clk 1:07:35]} dxc4 {[%clk 1:13:42]} 13. Bxc4 {[%clk 1:07:47]} Bd6
{[%clk 1:13:58]} 14. Ne5 {[%clk 0:59:28]} Ne7 {[%clk 1:13:49]} 15. Ne4
{[%clk 0:51:17]} Neg6 {[%clk 1:05:34]} 16. Nxd6 {[%clk 0:49:50]} cxd6
{[%clk 1:05:20]} 17. Nxg6 {[%clk 0:50:04]} Nxg6 {[%clk 1:05:08]} 18. Bg3
{[%clk 0:50:28]} b5 {[%clk 1:00:03]} 19. Bd3 {[%clk 0:46:27]} Bb7
{[%clk 0:58:42]} 20. Qh5 {[%clk 0:40:41]} Kh7 {[%clk 0:56:52]} 21. h4
{[%clk 0:32:11]} Qe7 {[%clk 0:46:15]} 22. Qe2 {[%clk 0:26:51]} Kg8
{[%clk 0:45:37]} 23. Qg4 {[%clk 0:26:56]} Nf8 {[%clk 0:43:26]} 24. e4
{[%clk 0:27:06]} e5 {[%clk 0:42:17]} 25. d5 {[%clk 0:20:11]} Rac8
{[%clk 0:40:03]} 26. f4 {[%clk 0:19:42]} f6 {[%clk 0:39:19]} 27. h5
{[%clk 0:15:35]} Nd7 {[%clk 0:36:08]} 28. f5 {[%clk 0:10:45]} Nf8
{[%clk 0:32:56]} 29. Qe2 {[%clk 0:09:33]} Qd7 {[%clk 0:30:46]} 30. Bf2 Nh7
{[%clk 0:26:03]} 31. Qd2 {[%clk 0:07:14]} Qf7 {[%clk 0:23:12]} 32. g4
{[%clk 0:06:46]} Rxc1 {[%clk 0:18:49]} 33. Rxc1 {[%clk 0:06:56]} Ng5
{[%clk 0:17:18]} 34. Qe3 {[%clk 0:06:08]} Qd7 {[%clk 0:15:31]} 35. Kf1
{[%clk 0:05:51]} Rc8 {[%clk 0:12:00]} 36. Ke2 {[%clk 0:04:11]} Kf8
{[%clk 0:11:17]} 37. Kd2 {[%clk 0:02:59]} Ke8 {[%clk 0:10:20]} 38. Rxc8+
{[%clk 0:02:57]} Bxc8 {[%clk 0:09:13]} 39. Qb6 {[%clk 0:02:29]} Nf7
{[%clk 0:08:15]} 40. a4 {[%clk 0:32:08]} bxa4 {[%clk 0:36:16]} 41. Bxa6
{[%clk 0:30:37]} Bxa6 {[%clk 0:34:35]} 42. Qxa6 {[%clk 0:30:58]} Ng5
{[%clk 0:32:56]} 43. Kd3 {[%clk 0:28:57]} Nf7 {[%clk 0:24:49]} 44. b5
{[%clk 0:28:13]} a3 {[%clk 0:24:29]} 45. b6 {[%clk 0:28:13]} Nd8 {[%clk 0:24:37]}
46. Qxa3 {[%clk 0:28:05]} Qb5+ {[%clk 0:24:18]} 47. Kd2 {[%clk 0:26:56]} Qf1
{[%clk 0:21:51]} 48. Qa4+ {[%clk 0:22:37]} Ke7 {[%clk 0:21:23]} 49. Qa7+
{[%clk 0:17:10]} Ke8 {[%clk 0:20:45]} 50. Qa4+ {[%clk 0:17:07]} Ke7
{[%clk 0:20:52]} 51. Be3 {[%clk 0:15:16]} Qg2+ {[%clk 0:20:08]} 52. Kc3
{[%clk 0:14:03]} Qf3 {[%clk 0:18:57]} 53. Kd3 {[%clk 0:13:05]} Qf1+
{[%clk 0:18:45]} 54. Kc2 {[%clk 0:12:21]} Qg2+ {[%clk 0:14:47]} 55. Bd2
{[%clk 0:07:48]} Nb7 {[%clk 0:13:10]} 56. Qc4 {[%clk 0:07:35]} Na5
{[%clk 0:09:11]} 57. Qb4 {[%clk 0:05:25]} Nb7 {[%clk 0:09:05]} 58. Qc4
{[%clk 0:05:19]} Na5 {[%clk 0:09:18]} 59. Qb4 {[%clk 0:03:05]} Nb7
{[%clk 0:09:22]} 60. Qc4 {[%clk 0:03:13]} Na5 {[%clk 0:08:50]} 61. Qc7+
{[%clk 0:03:13]} Ke8 {[%clk 0:08:28]} 1-0

[Event "World Chess Olympiad 2018"]
[Site "Batumi"]
[Date "2018.10.01"]
[Round "7"]
[Board "4"]
[WhiteFideId "19800290"]
[White "Diallo Djibril"]
[BlackFideId "21500193"]
[Black "Al Mutairi Hassan S"]
[Result "1/2-1/2"]
[LiveChessVersion "1.4.8"]
[BlackElo "1809"]
[WhiteElo "1648"]

1. c4 {[%clk 1:30:53]} d6 {[%clk 1:30:32]} 2. d4 {[%clk 1:30:50]} Nf6
{[%clk 1:29:52]} 3. Nf3 {[%clk 1:27:07]} Nbd7 {[%clk 1:29:46]} 4. Nc3
{[%clk 1:27:01]} e5 {[%clk 1:29:17]} 5. dxe5 {[%clk 1:21:39]} dxe5
{[%clk 1:29:20]} 6. Bg5 {[%clk 1:20:38]} c6 {[%clk 1:28:03]} 7. Bxf6
{[%clk 1:19:24]} Qxf6 {[%clk 1:26:23]} 8. a3 {[%clk 1:16:26]} a5 {[%clk 1:25:09]}
9. Ne4 {[%clk 1:16:03]} Qe7 {[%clk 1:11:31]} 10. e3 {[%clk 1:12:45]} g6
{[%clk 1:09:10]} 11. Be2 {[%clk 1:12:55]} f5 {[%clk 1:09:30]} 12. Nc3
{[%clk 1:10:12]} Bg7 {[%clk 1:05:45]} 13. O-O {[%clk 1:10:14]} O-O
{[%clk 1:05:01]} 14. Rb1 {[%clk 1:05:18]} Kh8 {[%clk 0:56:50]} 15. b4
{[%clk 1:03:05]} Nf6 {[%clk 0:52:31]} 16. c5 {[%clk 1:01:10]} axb4
{[%clk 0:50:48]} 17. axb4 {[%clk 1:01:07]} Rd8 {[%clk 0:51:07]} 18. Qc2
{[%clk 1:01:06]} Qc7 {[%clk 0:47:22]} 19. Rfd1 {[%clk 0:59:14]} Be6
{[%clk 0:47:29]} 20. Rxd8+ {[%clk 0:57:42]} Rxd8 {[%clk 0:45:11]} 21. Rd1
{[%clk 0:57:42]} Nd5 {[%clk 0:41:30]} 22. e4 {[%clk 0:51:25]} Nxb4
{[%clk 0:34:45]} 23. Rxd8+ {[%clk 0:50:20]} Qxd8 {[%clk 0:35:02]} 24. Qb1
{[%clk 0:50:12]} Qa5 {[%clk 0:33:38]} 25. Ng5 {[%clk 0:45:31]} Bg8
{[%clk 0:31:22]} 26. exf5 {[%clk 0:45:49]} Qxc5 {[%clk 0:25:28]} 27. Nce4
{[%clk 0:46:05]} Qc2 {[%clk 0:23:10]} 28. Qxc2 {[%clk 0:44:48]} Nxc2
{[%clk 0:22:24]} 29. f6 {[%clk 0:45:09]} h6 {[%clk 0:20:56]} 30. fxg7+
{[%clk 0:45:33]} Kxg7 {[%clk 0:21:24]} 31. Nf3 {[%clk 0:45:48]} Nd4
{[%clk 0:21:44]} 32. Bd1 {[%clk 0:40:59]} Bd5 {[%clk 0:18:05]} 33. Nd6
{[%clk 0:39:38]} Nxf3+ {[%clk 0:18:02]} 34. Bxf3 {[%clk 0:39:41]} Bxf3
{[%clk 0:17:54]} 35. gxf3 {[%clk 0:38:54]} b5 {[%clk 0:17:50]} 36. Kf1
{[%clk 0:39:00]} Kf6 {[%clk 0:17:57]} 37. Ke2 {[%clk 0:38:55]} Ke6
{[%clk 0:18:06]} 38. Ne4 {[%clk 0:38:22]} Kd5 {[%clk 0:17:18]} 39. Kd3
{[%clk 1:08:38]} b4 {[%clk 0:47:28]} 40. Nf6+ {[%clk 1:08:30]} Ke6
{[%clk 0:47:02]} 41. Ng4 {[%clk 1:07:55]} Kf5 {[%clk 0:42:55]} 1/2-1/2

[Event "World Chess Olympiad 2018"]
[Site "Batumi"]
[Date "2018.10.01"]
[Round "7"]
[Board "1"]
[WhiteFideId "3100197"]
[White "Almedina Ortiz Edgardo J."]
[BlackFideId "6100031"]
[Black "Lacayo Rene"]
[Result "1-0"]
[LiveChessVersion "1.4.8"]
[BlackElo "2228"]
[WhiteElo "2216"]

1. e4 {[%clk 1:30:18]} c5 {[%clk 1:30:54]} 2. Nf3 {[%clk 1:30:40]} e6
{[%clk 1:31:22]} 3. d4 {[%clk 1:30:59]} cxd4 {[%clk 1:31:47]} 4. Nxd4
{[%clk 1:31:21]} Nc6 {[%clk 1:30:26]} 5. Nc3 {[%clk 1:31:25]} Qc7
{[%clk 1:30:19]} 6. Be2 {[%clk 1:31:40]} a6 {[%clk 1:30:37]} 7. O-O
{[%clk 1:30:02]} Nf6 {[%clk 1:25:45]} 8. Be3 {[%clk 1:30:22]} Be7
{[%clk 1:25:42]} 9. f4 {[%clk 1:30:04]} d6 {[%clk 1:24:18]} 10. Qe1
{[%clk 1:28:10]} O-O {[%clk 1:14:41]} 11. Qg3 {[%clk 1:28:23]} Nxd4
{[%clk 1:11:58]} 12. Bxd4 {[%clk 1:28:47]} b5 {[%clk 1:12:15]} 13. a3
{[%clk 1:28:58]} Bb7 {[%clk 1:12:32]} 14. Rae1 {[%clk 1:29:13]} Rad8
{[%clk 1:08:24]} 15. Bd3 {[%clk 1:09:35]} Bc6 {[%clk 0:38:15]} 16. e5
{[%clk 0:49:41]} dxe5 {[%clk 0:36:31]} 17. Bxe5 {[%clk 0:50:06]} Qa7+
{[%clk 0:36:00]} 18. Kh1 {[%clk 0:50:07]} g6 {[%clk 0:28:58]} 19. Qh3
{[%clk 0:29:31]} Qb7 {[%clk 0:19:03]} 20. Re3 {[%clk 0:24:21]} Nh5
{[%clk 0:11:57]} 21. Ne4 {[%clk 0:24:30]} Bxe4 {[%clk 0:09:00]} 22. Bxe4
{[%clk 0:23:50]} Qb6 {[%clk 0:08:25]} 23. Rc3 {[%clk 0:19:21]} Rd2
{[%clk 0:04:42]} 1-0